000 00855nam a2200229 a 4500
001 39738
003 BD-RjUL
005 20211209053041.0
008 160417s2013 bg a|||| |||| 00| 0 ben d
020 _a9789848944134
_c: Tk. 1000.00
035 _a(BD-RjUL)39851
040 _aBD-RjUL
_bben
_cBD-RjUL
_dBD-RjUL
041 _aben
082 _223
_a320.092
_bSOM 2013
245 1 0 _aসময়ের পরশপাথর /
_cসম্পাদিত: মোহাম্মদ আমীন
260 _aঢাকা :
_bআনন্দধারা,
_c২০১৩.
300 _a৬৪০ পৃ. :
_bচিত্র ;
_c২২ সেমি.
650 _aরাজনীতি
_xজীবনী
_9122400
650 _aPolitics
_xBiography
_9122401
700 _aআমীন, মোহাম্মদ, সম্পাদক
_9122402
942 _2ddc
_cBK
999 _c39738
_d39738